000 00497nam a2200217Ia 4500
005 20250425162141.0
008 250425s9999 xx 000 0 und d
020 _a9701037308
041 _aspa
082 _a745.2
100 _aDENISON, EDWARD
245 0 _aPACKAGING 3: ENVASES ECOLÓGICOS
250 _a1A ED.
260 _aMEXICO
260 _aMéxico
_bMCGRAW HILL
_c2002
300 _a159
650 _aDISEÑO GRAFICO
650 _aPACKAGING
942 _c01
010 _a53080
999 _c223325
_d223325